00389nam a22001217a 4500082001400000245005500014260004500069300001000114700001900124942000700143999001500150952010200165 a632.7 REC aRecent advances in the Chemistry of Insect control aLondonbRoyal society of chemistryc1985 a322 p aincect control cBK c2386d2386 0010708NFICaICbICcGENd2015-10-22l0o632.7 RECp000634r2022-11-17 00:00:00w2015-10-22yBK